| 000 | 00809nam a2200289Ia 4500 | ||
|---|---|---|---|
| 008 | 160803s9999 xx 000 0 und d | ||
| 020 | _a9780545917568 | ||
| 100 | _aPatterson, James | ||
| 245 | _aI funny : | ||
| 245 | _bschool of laughs / | ||
| 245 | _cJames Patterson and Emily Raymond ; illustrated by Jomike Tejido. | ||
| 260 | _aNew York : | ||
| 260 | _bScholastic Inc. | ||
| 260 | _c2012 | ||
| 300 | _a60 pages : | ||
| 300 | _billustrations ; | ||
| 300 | _c20 cm. | ||
| 650 | _aMiddle school students -- | ||
| 650 | _aMiddle school students. | ||
| 650 | _aPeople with disabilities -- | ||
| 650 | _aPeople with disabilities. | ||
| 650 | _aStand-up comedy -- | ||
| 650 | _xJuvenile fiction. | ||
| 650 | _xJuvenile fiction. | ||
| 650 | _xJuvenile fiction. | ||
| 700 | _a610 | ||
| 999 |
_c299851 _d299851 |
||